| 000 | 00378cam a2200145ua 4500 | ||
|---|---|---|---|
| 041 |
_aeng _h |
||
| 082 |
_a822 _bSHE/CR |
||
| 100 | _aSheridan, Richard brinsley . | ||
| 245 |
_aCritic / _cRichard brinsley sheridan. _hTextual Documents |
||
| 260 |
_aMelbourne : _bMacMillan and Company Limited , _c1963. |
||
| 300 | _a92 ; . | ||
| 504 | _a | ||
| 942 | _cBK | ||
| 999 |
_c5347 _d5347 |
||